000 01137nam a22003257a 4500
001 4470800
003 OSt
005 20210426125142.0
008 960611s1996 nyua 000 0aeng
010 _a 96021053
020 _a0394578791 (alk. paper)
040 _aDLC
_cDLC
_dDLC
043 _an-us---
050 0 0 _aPN4874.C84
_bA3 1996
080 _a92
_bC-90
082 0 0 _a070/.92
_aB
_220
100 1 _aCronkite, Walter.
245 1 2 _aA reporter's life /
_cWalter Cronkite.
250 _a1st ed.
260 _aNew York :
_bA.A. Knopf,
_c1996.
300 _aviii, 384 p. :
_bill. ;
_c25 cm.
600 1 0 _aCronkite, Walter.
650 0 _aJournalists
_zUnited States
_xBiography.
653 _aბიოგრაფია
856 4 2 _3Contributor biographical information
_uhttp://www.loc.gov/catdir/bios/random051/96021053.html
856 4 2 _3Publisher description
_uhttp://www.loc.gov/catdir/description/random048/96021053.html
906 _a7
_bcbc
_corignew
_d1
_eocip
_f19
_gy-gencatlg
942 _2udc
_cBK
999 _c1073
_d1073